Calcutta - Choix Multiples - Statistiques

Statistiques générales
  • Ce quiz a été pris 38 fois
  • Le résultat moyen est 5 sur 10
Statistiques - réponses
Question Réponse % Correct
Quelle religieuse béatifiée et canonisée est décédée à Calcutta ? Mère Teresa
97%
Dans quel État de l'Inde se situe la ville de Calcutta ? Le Bengale-Occidental
70%
Quelle divinité de l'hindouisme serait à l'origine du nom de la ville de Calcutta ? Kali
67%
Quel édifice fut construit pour remplacer l'église Saint-Jean, devenue trop petite ? La cathédrale Saint-Paul
57%
En quoi fut transformé le cimetière de Park Street ? En parc public
47%
Quelle était la particularité de Calcutta en tant que capitale du Raj britannique ? Elle était la capitale seulement en hiver
40%
A quel type d'art se réfère le Kalighat, mouvement né à Calcutta ? La peinture
37%
Au bord de quel fleuve se situe la ville de Calcutta ? Le Hooghly
27%
Quelle industrie est fortement représentée à Calcutta par rapport au reste du pays ? Le traitement du jute
27%
Qui chantait "C'est comme çà à Calcutta" pour le film "Les Cinq sous de Lavarède" en 1939 ? Fernandel
23%
Aucun quiz correspondant
Distribution des résultats
% des personnes avec chaque résultat
Percentile par nombre de réponses
Votre historique - résultats
Vous n’avez pas pris ce quiz